00602 a2200193 450000100060000002000150000604000240002110000220004524000280006724500230009530000070011836200090012544000110013465000310014594200070017695201040018395201040028799900170039169585 a8526006576 cAnchieta - Itaigara aColasanti, Marina10aOfélia, a ovelhalpor10aOfélia, a ovelha a160 a2003 1aGlobal 4aLiteratura infanto-juvenil cBK 00104070a88.1b88.1d2023-11-21l0o028.5 COL OFEp2060/ITAr2023-11-21 20:04:12w2023-11-21yBK 00104070a88.1b88.1d2023-11-21l0o028.5 COL OFEp2061/ITAr2023-11-21 20:04:12w2023-11-21yBK c69585d69585